000 01728nam a22003257a 4500
003 OSt
005 20260327150719.0
008 260327t2023 xxu||||| |||| 00| 0 spa d
020 _a9786125069849
040 _aUnicoc
_bspa
_c00001
_d00001
082 _a001.42
100 _912820
_aVásquez Ramírez , Abbon Alex
245 _aMétodos de investigación científica
_c/ Abbon Alex Vásquez Ramírez
250 _a1 Ed.
260 _aPerú :
_bInstituto Universitario de Innovación Ciencia y Tecnología Inudi ,
_c2023.
300 _a118 páginas
500 _aIncluye Bibliografía y conclusiones
505 _tCapítulo I. Investigación científica: definición, importancia y ciencia para la sociedad. --
_tCapítulo II. Fundamentos de investigación. -- Tipos de investigación. -- Propósitos de la investigación. --
_tCapítulo III. Procesamiento de la investigación. --
_tCapítulo IV. Métodos de investigación cualitativa. --
_tCapítulo V. Métodos de investigación cuantitativa. --
_tCapítulo VI. Métodos de investigación mixta. --
_tCapítulo VII. Técnicas de recolección de datos.
526 _5Unicoc
546 _aEspañol
650 0 _97108
_aMetodología de la investigación
650 0 _94249
_aInvestigación científica
650 0 _96468
_aElaboración de proyectos
700 _912820
_aVásquez Ramírez , Abbon Alex
700 _912822
_aCahuana Tapi, Rogelio Domingo
700 _912823
_aVera Teves, Rosa Marina
700 _912824
_aHolgado Tisoc, Julio
856 _yAcceso online exclusivo para comunidad Unicoc.
_uhttps://unicoceduco-my.sharepoint.com/:b:/g/personal/direccionbiblioteca_unicoc_edu_co/IQB-9S8fYN9ZSoDkwf4eoRODASB-g17P9LG9q4Ix_JY0RLY
942 _2ddc
_cEBOOK
999 _c10796
_d10796